Rolling Stones Song Titles: Picture Clues - Statistics

General Stats
  • This quiz has been taken 112 times
  • The average score is 8 of 15
Answer Stats
Picture Hint Answer % Correct
1966 Paint It Black
87%
1973 Angie
81%
1971 Brown Sugar
79%
1968 Sympathy For The Devil
74%
1972 Tumbling Dice
73%
1964 Little Red Rooster
71%
1964 Walking The Dog
64%
1966 19th Nervous Breakdown
55%
1967 She's A Rainbow
55%
1967 Dandelion
53%
1981 Think advertising campaign... Start Me Up
39%
1978 Shattered
36%
1964 Carol
32%
1965 The Spider and the Fly
28%
1980 She's So Cold
14%
No matching quizzes found
Score Distribution
Percent of People with Each Score
Percentile by Number Answered
Your Score History
You have not taken this quiz